| 000 | 01064nam0a22003011 4500 | ||
|---|---|---|---|
| 001 | v19\rc\1974040 | ||
| 005 | 20251118181130.5 | ||
| 035 | _a(NLR Aleph) 005058179 | ||
| 090 |
_a6967547 _c6967547 |
||
| 100 | _a20080623d1914 u y0rusy50 ca | ||
| 101 | 1 |
_arus _cger |
|
| 102 | _aRU | ||
| 105 | _aa z ||||| | ||
| 200 | 1 |
_aО вертикально-водотрубных котлах _e[Доп. авт. пер. докл. 43 Междунар. съезду котлонадзор. о-в] _fК.В. Кирш |
|
| 210 |
_aМосква _cтип. Рус. т-ва _d1914 |
||
| 215 |
_a26 с. _cчерт. _d34 |
||
| 309 | _aБез тит. л. | ||
| 532 | 1 | 3 | _aО вертикально-водотрубных котлах |
| 700 | 1 |
_7ca _8rus _aКирш _bК.В. _f1877-1919 _gКарл Васильевич _9149483 _3RU\NLR\AUTH\770149519 |
|
| 801 | 0 |
_aRU _bNLR _gpsbo |
|
| 801 | 0 |
_aRU _bRuMoRGB _2psbo |
|
| 801 | 1 |
_aRU _bProSoft-M _2rusmarc |
|
| 852 |
_aNLR _j38.77.1.2020 |
||
| 899 |
_aRuMoRGB _jV 118/1263 |
||
| 899 | _aБАН | ||
| 942 | _cBOOK | ||
| 980 | _aNB | ||